| 000 -LEADER |
| fixed length control field |
00932nam a22002057a 4500 |
| 001 - CONTROL NUMBER |
| control field |
11585 |
| 003 - CONTROL NUMBER IDENTIFIER |
| control field |
BD-DhUAP |
| 005 - DATE AND TIME OF LATEST TRANSACTION |
| control field |
20200318165035.0 |
| 008 - FIXED-LENGTH DATA ELEMENTS--GENERAL INFORMATION |
| fixed length control field |
200318s2014 bg ||||| |||| 00| 0 ben d |
| 020 ## - INTERNATIONAL STANDARD BOOK NUMBER |
| International Standard Book Number |
9848243097 |
| 040 ## - CATALOGING SOURCE |
| Original cataloging agency |
BD-DhUAP |
| Language of cataloging |
Ben |
| Transcribing agency |
BD-DhUAP |
| Modifying agency |
BD-DhUAP |
| 082 ## - DEWEY DECIMAL CLASSIFICATION NUMBER |
| Edition number |
23 |
| Classification number |
530.11 UDA |
| 100 ## - MAIN ENTRY--PERSONAL NAME |
| Personal name |
উদয়, তৌহিদূর রহমান। |
| 245 ## - TITLE STATEMENT |
| Title |
আইনস্টাইন, আপেক্ষিকতা'র তত্ত্ব ও মহাবিশ্ব / |
| Statement of responsibility, etc. |
তৌহিদুর রহমান উদয়। |
| 260 ## - PUBLICATION, DISTRIBUTION, ETC. |
| Place of publication, distribution, etc. |
ঢাকা, বাংলাদেশ : |
| Name of publisher, distributor, etc. |
বাংলাদেশ আ্যস্ট্রোনমিক্যাল এসোসিয়েশন, |
| Date of publication, distribution, etc. |
২০১৪। |
| 300 ## - PHYSICAL DESCRIPTION |
| Extent |
২৩১ পৃষ্ঠা : |
| Other physical details |
চিত্র ; |
| Dimensions |
২২ সেমি.। |
| 650 ## - SUBJECT ADDED ENTRY--TOPICAL TERM |
| Topical term or geographic name entry element |
General relativity (Physics). |
| 650 ## - SUBJECT ADDED ENTRY--TOPICAL TERM |
| Topical term or geographic name entry element |
General relativity (Physics). |
| 942 ## - ADDED ENTRY ELEMENTS (KOHA) |
| Source of classification or shelving scheme |
|
| Koha item type |
Book |